000 01501cam a22002655a 4500
001 L145771
008 081106s2007 xxk f 001 0 eng d
020 _a9780521884761
035 _a(Sirsi) u145771
041 0 _aeng
050 0 4 _a347.42052 $2 18
100 1 _aRoss, David
245 0 0 _aAdvocacy
250 _a2nd ed.
260 _aCambridge
_bCambridge University Press
_c2007
300 _axi, 180p.
_c22cm.
350 _a17.99
505 2 _aThe nature of advocacy -- Preparation -- Witnesses and questions: witnesses; questions -- Examination-in-chief -- Cross examination, its qualities -- Cross-examination, method and style -- Cross-examination of experts -- Cross-examination on documents -- Re-examination -- Admissibility, objections and submissions: admissibility; objections; submissions -- The addresses: opening address; closing address; prosecution closing; defence closing -- Plea in mitigation -- Appeals -- Legal writing -- Etiquette and ethics
520 _aBook addresses advocacy techniques, looking at cross-examination, how to address a jury, ethics and winning 'impossible' cases. This second edition includes advice on the preparation and practice of appeals and how to write effective legal submissions. Will be of use to legal practitioners and students.
521 _aAdvanced
590 _aKA
651 4 _aUnited Kingdom
_y
690 _aMANAGEMENT-DISPUTE AVOIDANCE, MANAGEMENT AND RESOLUTION-DISPUTE MANAGEMENT AND RESOLUTION-ADVOCACY
942 _n0
999 _c108912
_d108912